LEADER 01733nam0 22003613i 450 001 SBL0629292 005 20251003044358.0 020 $aIT$b842928 100 $a19910930d1982 ||||0itac50 ba 101 | $aita 102 $ait 181 1$6z01$ai $bxxxe 182 1$6z01$an 183 1$6z01$anc$2RDAcarrier 200 1 $aAnalisi di gestione nelle cooperative agricole$erisultati di un'indagine pilota$fAlessandro Pacciani 210 $aBologna$cIl mulino$d1982 215 $a134 p.$d24 cm. 225 | $aMetodologie$fIstituto nazionale di economia agraria$v2 410 0$1001CFI0004518$12001 $aMetodologie$fIstituto nazionale di economia agraria$v2$171202$aINEA$3CFIV003474 500 10$aAnalisi di gestione nelle cooperative agricole.$3MSE0074809$9CFIV028133$9373026 606 $aCooperative agricole$xGestione$2FIR$3CFIC062579$9I 676 $a658.02$9GESTIONE GENERALE. PICCOLE IMPRESE$v14 696 $aAziende agrarie collettive 699 $aCooperative agricole$zAziende agrarie collettive 700 1$aPacciani$b, Alessandro$3CFIV028133$4070$071325 801 3$aIT$bIT-000000$c19910930 850 $aIT-BN0095 901 $bNAP 01$cPOZZO LIB.$nVi sono collocati fondi di economia, periodici di ingegneria e scienze, periodici di economia e statistica e altri fondi comprendenti documenti di economia pervenuti in dono. 912 $aSBL0629292 950 0$aBiblioteca Centralizzata di Ateneo$c1 v.$d 01POZZO LIB.ECON MON 8350$e 0101 0000101615E VMA 1 v. (Precedente collocazione: GUERRAZZI B 1275)$fB $h20080624$i20080624 977 $a 01 996 $aAnalisi di gestione nelle cooperative agricole$9373026 997 $aUNISANNIO LEADER 01381nam2 22003131i 450 001 UON00517799 005 20231205105530.441 010 $a34-581-7106-1 100 $a20231003d2002 |0itac50 ba 101 $ager 102 $aDE 105 $a|||| ||||| 200 1 $aˆDer ‰Meister$e1906 bis 1926$fRalph Freedman$gaus dem Amerikanischen von Curdin Ebneter 210 $aFrankfurt am Main$aLeipzig$cInsel$d©2002 215 $a625 p.$c[57] c. di tav.$d22 cm 461 1$1001UON00517800$12001 $aRainer Maria Rilke$fRalph Freedman$gaus dem Amerikanischen von Curdin Ebneter$1210 $aFrankfurt am Main$aLeipzig$cInsel-Verlag$d2001-2002$1215 $a2 v.$d22 cm$v2 606 $aLetteratura tedesca$xSec. 20.$3UONC062194$2FI 620 $aDE$dFrankfurt am Main$3UONL003175 620 $aDE$dLeipzig$3UONL003218 676 $a830.9009$cLetteratura tedesca. storia, descrizione, studi critici. 1900-$v22 700 1$aFREEDMAN$bRalph$3UONV292136$0457340 702 1$aEBNETER$bCurdin$3UONV292137 712 $aInsel$3UONV266506$4650 801 $aIT$bSOL$c20251003$gRICA 899 $aSIBA - SISTEMA BIBLIOTECARIO DI ATENEO$2UONSI 912 $aUON00517799 950 $aSIBA - SISTEMA BIBLIOTECARIO DI ATENEO$dSI F. Goethe 830 RIL 3893 $eSI 45797 5 3893 996 $aMeister$93894739 997 $aUNIOR